=LDR 00000nam 2200000 4500 =001 INLIS000000000051287 =005 20240131023049 =035 ##$$a 0010-0917000091 =007 ta =008 240131################g##########0#ind## =020 ##$$a 978-602-98176-4-5 =082 ##$$a 613 =084 ##$$a 613 EMI h =100 #$$a Emirfan T. Mulyati =245 1#$$a Healthy Habits You Must Know : $b Pola Hidup Sehat yang Harus Anda tahu untuk Kesehatan yang Lebih Baik Sejak Muda /$c Emirfan T. Mulyati =260 ##$$a Yogyakarta :$b Javalitera,$c 2011 =300 ##$$a 161 hlm : $b - ; $c 20 cm =650 #4$$a KESEHATAN =504 ##$$a Bibliografi : Hlm. 159-160 Biografi : Hlm. 161 =250 ##$$a Cet. 1 =990 ##$$a 21702650 =990 ##$$a 21702649 =990 ##$$a 21702648 =990 ##$$a 21702647 =990 ##$$a 21702646 =990 ##$$a 01201901568